00655nam a2200193 i 4500001000700000003000900007005001700016007000300033008004100036020001800077100001700095245006900112260003400181300003700215490006600252650004500318830006600363852003200429121691ES-MaACL20230906191813.0t|070214s1983 xxu r ||||1| eng d a0-8240-9267-81 aPorter, Roy.14aThe earth sciences b: an annotated bibliography / cRoy Porter. aNew York : bGarland, c1983. aXIX, 192 p., 7 lám. ; c23 cm.1 aBibliographies of the History of Science and technology ; v3 4aCiencias de la tierra-xBibliografías.0 aBibliographies of the History of Science and technology ; v3 aES-MaACLjL-8542 bR.109231